Smart bargaining : Doing business with the Japanese
Gardado en:
| Autor Principal: | |
|---|---|
| Formato: | Libro |
| Idioma: | Undetermined |
| Publicado: |
New York
Cambridge
1984
|
| Những chủ đề: | |
| Các nhãn: |
Engadir etiqueta
Sen Etiquetas, Sexa o primeiro en etiquetar este rexistro!
|
| Thư viện lưu trữ: | Trung tâm Học liệu Trường Đại học Cần Thơ |
|---|
| LEADER | 00523nam a2200193Ia 4500 | ||
|---|---|---|---|
| 001 | CTU_79664 | ||
| 008 | 210402s9999 xx 000 0 und d | ||
| 082 | |a 658.4 | ||
| 082 | |b G741 | ||
| 100 | |a Graham, John L. | ||
| 245 | 0 | |a Smart bargaining : | |
| 245 | 0 | |b Doing business with the Japanese | |
| 245 | 0 | |c John L. Graham, Yoshihiro Sano | |
| 260 | |a New York | ||
| 260 | |b Cambridge | ||
| 260 | |c 1984 | ||
| 650 | |a Commerce | ||
| 650 | |z United States,Japan | ||
| 980 | |a Trung tâm Học liệu Trường Đại học Cần Thơ | ||